Welcome to the Holygrace Academy Library

Please use search bar below to get started

SPY DOG'S (Record no. 1787)

MARC details
000 -LEADER
fixed length control field 00360nam a22001577a 4500
020 ## - INTERNATIONAL STANDARD BOOK NUMBER
ISBN 978-0-14-131885-1
082 ## - DEWEY DECIMAL CLASSIFICATION NUMBER
Classification number 823
Item number COP/S
100 ## - MAIN ENTRY--AUTHOR NAME
Personal name COPF, ANDREW
245 ## - TITLE STATEMENT
Title SPY DOG'S
Remainder of title SHORT STORY
246 ## - VARYING FORM OF TITLE
Title proper/short title SPY DOGS
Remainder of title SHORT STORY
260 ## - PUBLICATION, DISTRIBUTION, ETC. (IMPRINT)
Place of publication LONDON
Name of publisher PENGUIN BOOKS
Year of publication 2006
300 ## - PHYSICAL DESCRIPTION
Number of Pages 164
520 ## - SUMMARY, ETC.
Summary, etc SHORT STORY
650 ## - SUBJECT ADDED ENTRY--TOPICAL TERM
Topical Term SHORT STORY
942 ## - ADDED ENTRY ELEMENTS (KOHA)
Koha item type Books
Holdings
Withdrawn status Lost status Home library Current library Shelving location Date acquired Source of acquisition Cost, normal purchase price Full call number Accession Number Koha item type
    Main Library Main Library SHELF 4-B ANIMAL ARK 14/09/2023 Purchase 517.00 823 COP/S 07926 Books